Economic Environment of Business/ (Record no. 189317)
[ view plain ]
| 000 -LEADER | |
|---|---|
| fixed length control field | 00687nam a22002057a 4500 |
| 005 - DATE AND TIME OF LATEST TRANSACTION | |
| control field | 20220923124940.0 |
| 010 ## - LCCN (DPL NO) | |
| LC control number | B-765678 |
| 020 ## - INTERNATIONAL STANDARD BOOK NUMBER | |
| International Standard Book Number | 9788120344921 |
| Terms of availability | 450.00 |
| 037 ## - SOURCE OF ACQUISITION | |
| Source of stock number/acquisition | PHI Learning Private Limited |
| 082 ## - DEWEY DECIMAL CLASSIFICATION NUMBER | |
| Classification number | 330.156 |
| 100 ## - MAIN ENTRY--PERSONAL NAME | |
| Personal name | Pailwar, Keshav Veena |
| 245 ## - TITLE STATEMENT | |
| Title | Economic Environment of Business/ |
| Statement of responsibility, etc | Veena Keshav Pailwar |
| 250 ## - EDITION STATEMENT | |
| Edition statement | 3rd |
| 260 ## - PUBLICATION, DISTRIBUTION, ETC. (IMPRINT) | |
| Place of publication, distribution, etc | New Delhi |
| Name of publisher, distributor, etc | PHI Learining Priate Limited |
| Date of publication, distribution, etc | 2012 |
| 270 ## - ADDRESS | |
| Address | M-97, Connaught Circus |
| City | New Delhi |
| Postal code | 110001 |
| 300 ## - PHYSICAL DESCRIPTION | |
| Extent | xxv,485p |
| Other physical details | ill. |
| Dimensions | 23cm (pb) |
| 500 ## - GENERAL NOTE | |
| General note | Index |
| 942 ## - ADDED ENTRY ELEMENTS (KOHA) | |
| Source of classification or shelving scheme | Dewey Decimal Classification |
| Item type | English Books |
| Classification part | 330.156 |
| Call number suffix | PAI |
| Withdrawn status | Lost status | Not for loan | Collection code | Home library | Current library | Date acquired | Source of acquisition | Cost, normal purchase price | Full call number | Barcode | Copy number | Cost, replacement price | Koha item type | Public note |
|---|---|---|---|---|---|---|---|---|---|---|---|---|---|---|
| Non-fiction | Ashok Vihar | Ashok Vihar | 23/09/2022 | 22.9.22/Gift | 450.00 | 330.156 PAI | B-745678 | 1 | 450.00 | English Books | Gift |
